UM Logo

The Propaganda movement: 1880- 1895: (Record no. 7269)

MARC details
000 -LEADER
fixed length control field 00737nam a22001937a 4500
008 - FIXED-LENGTH DATA ELEMENTS--GENERAL INFORMATION
fixed length control field 170814b xxu||||| |||| 00| 0 eng d
020 ## - INTERNATIONAL STANDARD BOOK NUMBER
International Standard Book Number 9715502091
082 ## - DEWEY DECIMAL CLASSIFICATION NUMBER
Edition number 1997
Classification number DFil 959.9025
Item number Sch8
100 ## - MAIN ENTRY--PERSONAL NAME
9 (RLIN) 22019
Personal name Schumacher, John N.
245 ## - TITLE STATEMENT
Title The Propaganda movement: 1880- 1895:
Remainder of title the creation of a Filipino consciousness, the making of the revolution/
Statement of responsibility, etc. John N. Schumacher.
250 ## - EDITION STATEMENT
Edition statement Revised edition.
260 ## - PUBLICATION, DISTRIBUTION, ETC. (IMPRINT)
Place of publication, distribution, etc. Quezon City:
Name of publisher, distributor, etc. ADMU Press,
Date of publication, distribution, etc. c1997.
300 ## - PHYSICAL DESCRIPTION
Extent vii, 333 pages;
Dimensions 23 cm.
500 ## - GENERAL NOTE
General note Includes bibliographical references and index.
650 #0 - SUBJECT ADDED ENTRY--TOPICAL TERM
9 (RLIN) 22020
Topical term or geographic name as entry element Philippines - History - 1812 - 1898 - Propaganda.
650 #0 - SUBJECT ADDED ENTRY--TOPICAL TERM
9 (RLIN) 22021
Topical term or geographic name as entry element Propaganda movement - Philippines.
365 ## - TRADE PRICE
Price type code Php.
Price amount 368.50
942 ## - ADDED ENTRY ELEMENTS (KOHA)
Source of classification or shelving scheme Dewey Decimal Classification
Koha item type Filipiniana
Holdings
Withdrawn status Lost status Source of classification or shelving scheme Damaged status Not for loan Collection code Home library Current library Date acquired Source of acquisition Total Checkouts Full call number Barcode Date last seen Cost, replacement price Price effective from Koha item type
    Dewey Decimal Classification     Filipiniana UM Digos College - LIC UM Digos College - LIC 10/08/2003 Purchased   DFil 959.9025 Sch8 1997 16306 05/15/2025 368.50 08/14/2017 Filipiniana